00961nam a22002537a 4500001000400000003000600004005001700010008004100027020001800068040002900086050000800115082001400123100002800137245007800165260005600243300004500299490001800344505000600362520023100368521001900599521001800618650003700636700003400673447FISKH20250820082620.0230421b cb ||||| |||| 00| 0 eng d a9789814281201 aFISKHbengcFISKHdFISKH aPZ7 a398.20943 aSmith, Annetted(1959-) aThe animal band /cRetold by Annette Smith ; Illustrated by Rachel Tonkin aVictoria : bPM Traditional Tales and Plays, c1998 a32 pages :bcolor illustrations ;c21 cm aTales & Play  aH aThe Brothers Grimm collected this German folk story (sometimes called 'The Bremen Town Musicians') in the early 1800s. Bremen has a statue of the four resouceful animals. Set in a German forest near Bremen in the 18th century.8 a510 bLexile 8 aH bRaz-Plus aAnimals vFairy Tales xFolktale aTonkin, Rachel eillustrator